000 00415nam a2200169Ia 4500
003 STCL
008 181203s9999 xx 000 0 und d
020 _a9789352601738
040 _aSTCL
_bEN
_cSTCL
082 _222
100 _aBanwell, Colin N.
245 0 _aFundamentals of Molecular Spectroscopy
260 _bMcGraw Hill Education
_aChennai
_c2017
300 _a308
546 _aEnglish
942 _2ddc
_cBK
999 _c86691
_d86691